[Event "SK Freising 1-SV Roehrnbach 1"]
[Site "?"]
[Date "2025.02.23"]
[Round "7.5"]
[White "Reineke, Malte"]
[Black "Bauer, Robert"]
[Result "0-1"]
[WhiteElo "1956"]
[BlackElo "2094"]
[Annotator "Stockfish 17"]
[PlyCount "68"]
[EventDate "2025.??.??"]
[WhiteTeam "SV Röhrnbach 1"]
[BlackTeam "SK Freising 1"]

{[%evp 16,68,-25,-55,-5,-58,7,-49,-53,-48,-45,-78,-63,-66,-46,-89,-41,-38,0,4,
6,-30,-27,-44,56,55,82,72,117,79,159,93,89,97,99,103,163,77,87,78,122,-74,-70,
-116,54,-131,-132,-129,-134,-119,-57,-624,-605,-29995,-29996]} 1. e4 c5 2. Nc3
Nc6 3. g3 g6 4. Bg2 Bg7 5. f4 d6 6. Nf3 e6 7. O-O Nge7 8. d3 O-O 9. Kh1 Nd4 10.
Ne2 Rb8 11. c3 Nxf3 $15 12. Bxf3 b5 13. d4 Qc7 14. Be3 c4 15. b4 cxb3 16. axb3
d5 17. e5 $1 a5 18. Bd2 Bd7 19. Nc1 Bc6 20. Nd3 $14 Ra8 21. Nc5 Ra7 22. Qc2 Nc8
$6 (22... Rc8 $142) 23. Be2 (23. g4 $142 $1) 23... Re8 $16 24. g4 Bf8 25. Nd3
a4 26. f5 (26. b4 $1 $18 {und Weiss behält klar die Oberhand.}) 26... axb3 27.
Qxb3 Nb6 28. Nf4 $2 (28. Rxa7 $16 {und es läuft.} Qxa7 29. Nb4) 28... Nc4 $15
29. Qc2 exf5 $2 (29... Rxa1 $1 $17 30. Rxa1 Qb7) 30. gxf5 $2 {[#]} (30. Rxa7 $1
$14 {nötig, um obenauf zu bleiben.} Qxa7 31. gxf5) 30... Rxa1 $1 $17 31. Rxa1
{[#]} Nxe5 32. dxe5 d4+ (32... Rxe5 $1 $17 {...d4+ ist eine echte Drohung.} 33.
Qd3 (33. fxg6 hxg6 34. Bf1 d4+ 35. Bg2 Bh6 $17) 33... d4+ 34. Ng2 (34. Bf3 Re3
$17 {[%mdl 64] Abzugsangriff}) 34... dxc3 35. Bxc3 Rxf5) 33. Ng2 $4 {[%mdl
8192]} (33. Kg1 $15 Bc5 34. Kf1 (34. Nd3 dxc3+ 35. Kf1 Bd4 $19) 34... dxc3 35.
Qxc3 (35. Bxc3 Rxe5 36. fxg6 hxg6 $17) 35... Rxe5 36. Ke1 Rxf5 37. Kd1) 33...
Qxe5 $19 {[%mdl 64] ( -> ...Ld6). Doppelangriff} 34. Bd3 {und die Idee Tf1
ließe Weiss weiter hoffen.} Bd6 {[%csl Gd6][%cal Re5h2]} 0-1

[Event "SK Freising 1-SV Roehrnbach 1"]
[Site "?"]
[Date "2025.02.23"]
[Round "7.6"]
[White "Gruettner, Ralf"]
[Black "Bernauer, Thomas"]
[Result "1/2-1/2"]
[WhiteElo "2041"]
[BlackElo "1902"]
[Annotator "Stockfish 17"]
[PlyCount "35"]
[EventDate "2025.??.??"]
[WhiteTeam "SK Freising 1"]
[BlackTeam "SV Röhrnbach 1"]

{[%evp 17,35,-8,-8,-12,-11,-5,8,-8,-10,-4,20,18,19,19,17,18,15,-5,-5,-12]} 1.
d4 e6 2. c4 d5 3. Nc3 c5 4. cxd5 cxd4 5. Qxd4 Nc6 6. Qd1 exd5 7. e3 (7. Qxd5
Be6 8. Qxd8+ Rxd8 9. e3 Nb4 10. Bb5+ Ke7 11. Kf1 a6 12. Be2 {Legky,N-Bronstein,
D FRA-chT 1996}) 7... Nf6 8. Nf3 Bc5 9. Be2 O-O $11 10. O-O Re8 11. b3 Bb6 12.
Bb2 d4 13. exd4 Bxd4 14. Nxd4 Nxd4 15. Bc4 Bg4 16. f3 Be6 17. Nd5 Bxd5 18. Qxd4
1/2-1/2

[Event "SK Freising 1-SV Roehrnbach 1"]
[Site "?"]
[Date "2025.02.23"]
[Round "7.7"]
[White "Berisha, Regjep"]
[Black "Paul, Franz Xaver"]
[Result "1-0"]
[WhiteElo "1910"]
[BlackElo "1827"]
[Annotator "Stockfish 17"]
[PlyCount "39"]
[EventDate "2025.??.??"]
[WhiteTeam "SV Röhrnbach 1"]
[BlackTeam "SK Freising 1"]

{[%evp 13,39,-217,-195,-239,-232,-207,-163,-340,-343,-321,-317,-321,43,37,47,
-11,187,167,144,95,111,59,493,472,637,665,824,787]} 1. e4 e5 2. Nf3 Nc6 3. Nc3
Nf6 4. Bc4 Nxe4 5. Nxe4 d5 6. Bb5 $2 (6. Bd3 dxe4 7. Bxe4 Bd6 8. d4 {ist in
der Praxis bekannt}) 6... dxe4 7. Nxe5 Qg5 $1 $19 8. d4 (8. Nxc6 Qxb5 9. Nd4
Qg5 10. Rg1 Qe5 11. c3 Qxh2 $19 {Maric,M-Stasiunate,Lina EU-chJW U16
DSzombathely 1993}) 8... Qxg2 9. Rf1 {Droht d5.} a6 (9... Bh3 10. Qh5 g6 11.
Qh4 a6 12. Qf6 axb5 13. Qxf7+ Kd8 14. Nxc6+ bxc6 15. Qf6+ Kc8 16. Qxh8 Qxf1+ {
Szigetvari,J 2205 - Siklosi,Z 2400 0-1 Kecskemet op 1990}) 10. Bc4 (10. Bxc6+
bxc6 11. Qh5) 10... Nxe5 $19 11. dxe5 Bg4 12. Qd5 Be6 $2 (12... Bb4+ $19 13.
Bd2 Bxd2+ 14. Qxd2 Rd8) 13. Qxb7 $14 {[%mdl 64] [#] Doppelangriff} Rd8 14. Qc6+
({Aber nicht} 14. Qxc7 $2 Rc8 $19) 14... Rd7 $2 (14... Bd7 $1 $11 {und Schwarz
ist OK.} 15. Qxc7 Qg6) 15. Bxe6 $40 {[%mdl 128] Schwarz ist in Schwierigkeiten.
} fxe6 16. Qxe6+ (16. Be3 $1 $18) 16... Be7 {[#] Droht stark ...Td1+!} 17. Be3
{Schwarz muss nun Dc6 beachten.} Qf3 $4 {[%mdl 8192]} (17... Rf8 $1 $14) 18.
Qc6 {Droht e6 und aus.Weiß steht klar auf Gewinn.} Bb4+ 19. c3 Ba5 20. e6 {
[%mdl 64]} 1-0

[Event "SK Freising 1-SV Roehrnbach 1"]
[Site "?"]
[Date "2025.02.23"]
[Round "7.8"]
[White "Mujdzic, Emir"]
[Black "Wolf, Andreas"]
[Result "1-0"]
[WhiteElo "1862"]
[BlackElo "1969"]
[Annotator "Stockfish 17"]
[PlyCount "97"]
[EventDate "2025.??.??"]
[WhiteTeam "SK Freising 1"]
[BlackTeam "SV Röhrnbach 1"]

{[%evp 9,97,8,11,1,-1,-33,-3,-11,11,-46,-32,-39,-18,-30,-27,-25,-20,-22,18,-30,
2,0,0,-2,-1,0,2,-37,-33,-32,-18,-35,-32,-34,-29,-31,-30,-32,-31,-31,-29,-48,
-48,-72,-33,-42,-29,-92,-62,-83,-86,-126,-92,-118,-27,-153,-65,-68,26,27,26,31,
27,58,36,36,128,112,140,115,171,81,187,95,88,41,79,46,101,-14,681,681,730,721,
867,869,862,804,1113,1044]} 1. d4 Nf6 2. Bg5 b5 3. e3 c6 4. a4 b4 5. Bxf6 exf6
6. Nd2 d5 7. Nb3 a5 8. Bd3 Bd6 9. Ne2 O-O 10. O-O Qc7 11. h3 g6 12. c3 bxc3 13.
bxc3 {[%cal Bb2c3,Bc3c4,Bc4c5][%mdl 32]} Be6 14. Qc2 f5 15. c4 Na6 16. c5 Be7
17. Bxa6 Rxa6 18. Nf4 Bc8 19. Rab1 Kh8 20. Qd2 Bd8 21. Nc1 Qe7 22. Ncd3 Bc7 23.
Ne2 f6 24. Rb3 Ra7 $40 {[%mdl 128]} 25. Kh1 g5 26. f4 h6 27. Ng3 Re8 28. Nb2 (
28. Qd1 $11 {bleibt in der Remisbreite.}) 28... Rg8 29. Qc2 Qh7 30. Qf2 h5 31.
fxg5 Ba6 (31... fxg5 $17 32. Nd1 (32. Nxf5 $2 Rf8 $19) 32... Ba6) 32. Nd3 (32.
g6 $1 $11 Qxg6 33. Ne2) 32... Bc4 (32... fxg5 $17 {Und weiter mit ...f4! wäre
nett.} 33. Ne2 (33. Nxf5 $2 Rf8 $19) 33... Bc4) 33. Rc3 $15 Bxd3 (33... fxg5
$15 34. Nxf5 Rf8) 34. Rxd3 $11 f4 35. Rdd1 fxg3 36. Qxf6+ {[%mdl 64]
Doppelangriff} Qg7 37. Qxc6 Bd8 $6 ({Günstiger ist} 37... Qxg5 $14 38. Qe6 Bd8
) 38. Qxd5 $16 Bxg5 39. e4 h4 40. e5 (40. c6 $18 {ist viel giftiger.}) 40...
Rd8 (40... Rf8 $16) 41. Qe4 (41. Qc4 $18) 41... Rf7 42. Rxf7 Qxf7 43. d5 {
Schwarz muss nun d6 beachten.} (43. e6 $5 {[%cal Re6f7]} Qh7 44. Qf3 $18) 43...
Rf8 $1 {[#] ( -> ...Df1+!)} 44. Qe2 (44. Qd3 $1 $16) 44... Bd2 $2 {[%mdl 8192]}
45. e6 $18 {Weiß steht klar auf Gewinn.} (45. Qxd2 $2 {[#] führt zum Matt.}
Qf1+ $3 {[%mdl 512]} 46. Rxf1 Rxf1#) 45... Qf2 {[#]} 46. e7 $1 {[%mdl 512]}
Qxe2 (46... Bh6 47. e8=Q) 47. exf8=Q+ Kh7 48. Qf3 Qf2 49. Qd3+ 1-0

[Event "SK Bruckmuehl 1-SC Groebenzell 2"]
[Site "?"]
[Date "2025.02.23"]
[Round "7.1"]
[White "Scheckenbach, Franz"]
[Black "Uebele, Peter"]
[Result "1/2-1/2"]
[WhiteElo "2029"]
[BlackElo "2087"]
[Annotator "Stockfish 17"]
[PlyCount "38"]
[EventDate "2025.??.??"]
[WhiteTeam "SC Gröbenzell 2"]
[BlackTeam "SK Bruckmühl 1"]

{[%evp 9,38,-9,-8,-10,-8,-8,-10,-8,9,-9,-8,-12,-12,-13,8,6,24,10,9,9,-1,-3,13,
14,20,40,38,7,7,-15,-3]} 1. e4 c6 2. Nf3 d5 3. exd5 cxd5 4. Ne5 Nc6 5. d4 e6 6.
Bb5 Bd7 7. Nxd7 Qxd7 8. c3 Nf6 9. O-O Bd6 10. Nd2 {[%cal Bb1d2,Bd2f3,Bf3d4]
[%mdl 32]} O-O 11. Bd3 Qc7 12. g3 Rab8 13. Qe2 e5 14. dxe5 Nxe5 15. Nf3 Nxd3
16. Qxd3 Rbd8 17. Bg5 Be7 $1 18. Bxf6 Bxf6 19. Nd4 Qc4 1/2-1/2

[Event "SK Bruckmuehl 1-SC Groebenzell 2"]
[Site "?"]
[Date "2025.02.23"]
[Round "7.2"]
[White "Blaskowski, Johannes"]
[Black "Walter, Tobias"]
[Result "1-0"]
[WhiteElo "2227"]
[BlackElo "2081"]
[Annotator "Stockfish 17"]
[PlyCount "55"]
[EventDate "2025.??.??"]
[WhiteTeam "SK Bruckmühl 1"]
[BlackTeam "SC Gröbenzell 2"]

{[%evp 9,55,136,125,135,124,128,129,140,157,155,157,153,154,157,198,200,220,
194,257,205,220,229,241,175,185,130,131,133,216,145,271,242,234,218,384,384,
383,378,360,353,569,569,698,660,694,695,663,555]} 1. e4 e6 2. d4 d5 3. Nc3 Nf6
4. Bd3 (4. e5 Nfd7 5. f4 c5 6. Nf3 Nc6 {usw. ist ein bekanntes System}) (4. Bg5
Be7 5. e5 Nfd7 6. Bxe7 Qxe7 $14 {ist auch für Weiß etwas vorteilhaft}) 4...
Be7 (4... c5 5. exd5 exd5 6. dxc5 Bxc5 7. Nf3 O-O 8. O-O {hätte der Schwarze
wahlweise spielen können}) 5. e5 Nfd7 6. Qg4 Kf8 (6... g6 $6 7. Nce2 c5 8. c3
Nc6 9. a3 c4 $2 {Zelcic-Crea,E Arco 1989}) 7. Nce2 c5 {[#] Droht stark ...c4.}
8. c3 $1 $16 Nc6 9. Nf3 cxd4 10. cxd4 Nb4 {[#]} 11. Bb1 b6 12. a3 Nc6 13. Bd3
a5 (13... h5 {ist eine bessere Verteidigung.} 14. Qg3 a5) 14. Bb5 $18 (14. Bh6
$2 Ba6 (14... gxh6 $1 15. Qh5 Ke8 $17) 15. Bxa6 (15. Qxg7+ Ke8 16. Qxh8+ $18 {
hätte sofort gewonnen}) 15... Rxa6 16. h4 {Mujic,H 2315 - Doljanin,T 2240
Pula tt 1990 ist ein schlechtes Beispiel, weil sehr fehlerhaft} (16. Qxg7+ Ke8
17. Qxh8+ {mit Gewinn})) 14... Na7 {Und weiter mit ...h5 wäre nett.} 15. Bd3
Nc6 16. Be3 (16. Nf4 $18) 16... Ba6 17. Rd1 Bxd3 18. Rxd3 $16 a4 (18... h5 $16
19. Qf4 a4) 19. O-O Na5 $2 (19... h5 $16 20. Qg3 Na5) 20. Nf4 $18 g6 21. h4 Kg8
$2 (21... Ke8 22. h5 Nf8) 22. Nxe6 $1 $18 fxe6 23. Qxe6+ {[%mdl 64]
Doppelangriff} Kg7 {Weiss sollte ...Sf8 verhindern.} 24. Ng5 {jetzt Df7+ und
aus.} ({Nicht} 24. Qxd5 h6 $18) 24... Bxg5 $2 (24... Qe8 {kämpft weiter.} 25.
Qxd5 Bxg5) 25. Bxg5 {Weiß steht klar auf Gewinn.} Qe8 26. Bf6+ {[%mdl 64]
Spiess} Nxf6 27. exf6+ ({Schlechter ist} 27. Qxf6+ Kg8 $11) 27... Kf8 28. Qd6+
1-0

[Event "SK Bruckmuehl 1-SC Groebenzell 2"]
[Site "?"]
[Date "2025.02.23"]
[Round "7.3"]
[White "Tunka, Philipp"]
[Black "Wilhelm, Robert"]
[Result "1-0"]
[WhiteElo "2019"]
[BlackElo "2074"]
[Annotator "Stockfish 17"]
[PlyCount "57"]
[EventDate "2025.??.??"]
[WhiteTeam "SC Gröbenzell 2"]
[BlackTeam "SK Bruckmühl 1"]

{[%evp 9,57,56,73,71,84,67,79,47,45,-141,97,113,136,22,18,-6,28,-23,144,134,
137,135,120,99,244,232,266,258,320,294,288,285,326,288,400,411,475,479,468,308,
434,436,556,558,596,604,810,565,29992,29993]} 1. d4 Nf6 2. c4 c5 3. d5 b5 4.
cxb5 a6 5. bxa6 g6 6. Nc3 Bg7 7. e4 O-O 8. Nf3 Qa5 {Weiss sollte ...Sxe4
verhindern.} 9. a7 $2 {[#]} (9. Bd2 $14 {bleibt weiter vorne.} Bxa6 10. Be2) (
9. Nd2 Bxa6 10. Be2 Bxe2 11. Qxe2 Nh5 12. O-O Bxc3 13. Nb3 Qa6 14. Qxa6 Nxa6
15. bxc3 $14 {Polugaevsky,L-Kholmov,R Tbilisi ch-URS 1967}) 9... Rxa7 $2 (9...
Nxe4 $1 $17 {bleibt auf Kurs.} 10. Bd2 (10. axb8=R Rxb8 11. Bd3 Nxc3 $17) 10...
Nxd2 11. Qxd2 Rxa7) 10. Bd2 $16 {Schwarz muss nun Sb5 beachten.} Qb6 11. Nb5
$11 (11. Bc4 $142 $16) 11... Ra8 $11 12. Qc2 Na6 13. Bc4 Nc7 $2 (13... Nb4 $11
14. Bxb4 cxb4) 14. Nxc7 $16 Qxc7 15. O-O e6 16. Bc3 Qf4 $2 (16... exd5 $16 17.
exd5 (17. Bxd5 Nxd5 18. Bxg7 Kxg7 $14) 17... Bb7) 17. Rfe1 $18 Bb7 18. Be5 Qg4
19. Rad1 exd5 {[#]} 20. h3 $1 Qh5 (20... Qe6 21. exd5) 21. exd5 Rfc8 22. Qc3
$18 {Weiß steht auf Gewinn} Ne8 23. Bxg7 Nxg7 24. Re5 Qh6 (24... Nf5 $142 25.
g4 Qxh3) 25. Re7 Nf5 {[#]} 26. Rxf7 $1 {[%mdl 512] Und weiter mit d6 wäre
nett.} Nd6 (26... d6 27. Rxb7) 27. Rxd7 Qf8 28. Rxb7 {Sg5! ist eine echte
Drohung.} Nxb7 29. d6+ 1-0

[Event "SK Bruckmuehl 1-SC Groebenzell 2"]
[Site "?"]
[Date "2025.02.23"]
[Round "7.4"]
[White "Caspers, Christian"]
[Black "Heinisch, Niklas"]
[Result "1/2-1/2"]
[WhiteElo "1951"]
[BlackElo "1997"]
[Annotator "Stockfish 17"]
[PlyCount "61"]
[EventDate "2025.??.??"]
[WhiteTeam "SK Bruckmühl 1"]
[BlackTeam "SC Gröbenzell 2"]

{[%evp 16,61,20,22,43,44,44,46,45,43,40,38,39,33,39,20,23,26,75,12,13,4,6,8,55,
55,58,63,59,52,50,60,73,32,28,28,29,32,30,29,34,-6,22,14,18,14,23,-25]} 1. d4
d5 2. c4 c6 3. cxd5 cxd5 4. Bf4 Nc6 5. e3 Nf6 6. Nc3 a6 7. Rc1 Bf5 8. Nf3 e6 9.
Qb3 Ra7 10. Be2 Be7 11. O-O O-O 12. Na4 Nh5 13. Bg3 Nxg3 14. hxg3 h6 15. a3 Qb8
16. Nb6 {Droht Sd7 und aus.} Rd8 17. Qc3 (17. Ne5 $16) 17... Bd6 $11 18. b4 {
[%cal Bb2b4,Bb4c5][%mdl 32]} Qc7 19. Na4 Qd7 20. Nc5 Bxc5 21. bxc5 Qc7 22. Bd3
Bxd3 23. Qxd3 Rb8 24. Rb1 b5 25. cxb6 Rxb6 26. Rxb6 Qxb6 27. Rb1 Qd8 28. Qc3
Ne7 29. Ne5 Rc7 30. Qb2 Nc6 31. Nxc6 1/2-1/2

[Event "SK Bruckmuehl 1-SC Groebenzell 2"]
[Site "?"]
[Date "2025.02.23"]
[Round "7.5"]
[White "Stocker, Rupert"]
[Black "Kieffer, Joachim"]
[Result "1/2-1/2"]
[WhiteElo "1979"]
[BlackElo "1991"]
[Annotator "Stockfish 17"]
[PlyCount "87"]
[EventDate "2025.??.??"]
[WhiteTeam "SC Gröbenzell 2"]
[BlackTeam "SK Bruckmühl 1"]

{[%evp 13,87,12,16,20,30,22,34,41,106,73,94,57,78,78,83,30,32,6,12,13,32,24,33,
18,38,31,26,15,15,15,19,5,21,22,22,-4,3,-1,20,11,16,-37,-13,-17,-17,-15,0,-31,
-27,-84,-64,-59,-17,-20,-13,-15,-5,-19,-27,-134,-137,-142,-139,-137,-134,-152,
-154,-139,-136,-133,-130,-313,-262,-298,-180,-265]} 1. c4 e5 2. g3 Nc6 3. Bg2
g6 4. e4 Bg7 5. Nc3 d6 6. Nge2 h5 7. h4 Bg4 8. f3 Be6 9. d3 Qd7 10. Nd5 Kf8 $6
(10... a5 $14) 11. Rb1 a5 12. a3 Bh6 13. d4 Kg7 14. Bxh6+ Nxh6 15. Ne3 {
[#] Und d5 würde nun gewinnen.} exd4 16. Nxd4 Nxd4 17. Qxd4+ f6 18. Rd1 b6 19.
Nd5 Rhf8 20. Nf4 a4 21. O-O Ra5 22. Rfe1 Kh7 23. Kh2 Rc5 24. Rc1 Qf7 25. Bf1
Ng8 26. Bd3 {[#] e5 ist eine echte Drohung.} Ne7 27. Nd5 Nc6 28. Qe3 Ne5 29.
Be2 Re8 30. Qf4 Rf8 31. Rg1 f5 32. Rgf1 $1 Bxd5 33. exd5 Qf6 34. Kg2 Ra5 {
[%cal Bc5a5,Ba5a8,Ba8f8][%mdl 32]} 35. Rfe1 Raa8 36. Qd2 $2 (36. Rc3 $11) 36...
f4 $17 37. Qxf4 Qxf4 38. gxf4 Rxf4 $17 39. Kg3 Raf8 {[%cal Re5f3]} 40. Rc3 Kg7
41. Rec1 Rd4 42. Bd1 $2 (42. Rd1 $17 Rff4 43. Rxd4 Rxd4 44. f4) 42... Nd3 (
42... g5 $1 43. hxg5 Nd3 44. Rb1 Rf5 $19) 43. Rb1 $19 Nc5 44. Be2 $19 {[%mdl
32768]} (44. Bc2 {war nötig.}) 1/2-1/2

[Event "SK Bruckmuehl 1-SC Groebenzell 2"]
[Site "?"]
[Date "2025.02.23"]
[Round "7.6"]
[White "Zeindlmeier, Thomas"]
[Black "Feierlein, Robert"]
[Result "0-1"]
[WhiteElo "1939"]
[BlackElo "1977"]
[Annotator "Stockfish 17"]
[PlyCount "62"]
[EventDate "2025.??.??"]
[WhiteTeam "SK Bruckmühl 1"]
[BlackTeam "SC Gröbenzell 2"]

{[%evp 15,62,47,90,95,86,87,86,95,188,182,186,45,137,36,36,33,46,2,5,-5,-6,-5,
6,7,1,7,27,-63,-33,-43,0,-46,-42,-507,-473,-505,-494,-448,-260,-522,-258,-264,
-263,-245,-238,-255,-264,-29994,-1087]} 1. d4 Nf6 2. Nc3 c5 3. d5 d6 4. e4 g6
5. Bb5+ Bd7 6. a4 Bg7 7. Nf3 O-O 8. O-O Bg4 $6 $16 9. h3 Bxf3 10. Qxf3 a6 11.
Be2 e5 $2 (11... Nbd7 $16) 12. dxe6 (12. g4 Nbd7 13. a5 {ist auch sehr gut
für Weiß}) 12... fxe6 {[#]} 13. Bc4 (13. e5 $1 $18 Nd5 14. Qg4 Nxc3 15. Qxe6+
(15. bxc3 Bxe5 16. Qxe6+ Kh8 $16) 15... Kh8 16. bxc3) 13... Qe7 (13... Qd7 $14)
14. Bg5 (14. e5 $1 $16 {[%cal Re5f6]} dxe5 15. Bg5) 14... Nc6 $14 15. Rad1 h6 {
Droht ...Se5 und aus.} 16. Bxf6 Rxf6 17. Qg3 Ne5 $11 18. Be2 Raf8 19. f4 Nc6 {
[%cal Be5c6,Bc6d4,Bd4f5,Bf5e3][%mdl 32]} 20. Bc4 Kh8 21. Rd2 (21. Ne2 $11)
21... Nd4 (21... g5 $5 22. Rdf2 gxf4 23. Rxf4 Ne5 24. Rxf6 Bxf6 $17) 22. Ne2 g5
23. f5 exf5 24. exf5 $4 {[%mdl 8192]} ({Weiss kommt nicht vorbei an} 24. Nxd4
$15 cxd4 25. exf5) 24... Nxf5 $19 25. Qd3 Ne3 26. Rxf6 Qxf6 (26... Rxf6 $142
27. Rd1 Nxd1 28. Qxd1 Qe3+ 29. Kh2 Rf8) 27. Nc3 $2 (27. Qxe3 Qf1+ 28. Kh2 Be5+
29. Ng3 Qxc4 30. b3) 27... Qf4 $40 {[%mdl 128] Schwarz geht auf den König.} (
27... Qe5 $142 28. Ne4 Rf1+ 29. Qxf1 Nxf1 30. Rxd6 Qh2+ 31. Kxf1 Qf4+ {[%mdl
64] Doppelangriff} 32. Kg1 Bd4+ 33. Rxd4 Qe3+ 34. Nf2 Qxd4) 28. Nd5 Nxd5 29.
Bxd5 Bd4+ (29... Qxa4 30. Bxb7 Be5 31. Be4) ({Viel schwächer ist} 29... Bxb2
30. c3) 30. Kh1 Qe5 {( -> ...De1+)} ({Jedoch nicht} 30... Bxb2 31. g3 $17) 31.
Bf3 $2 {[#]} (31. Qe2 $19 Qxd5 32. c3) 31... Qe1+ 0-1

[Event "SK Bruckmuehl 1-SC Groebenzell 2"]
[Site "?"]
[Date "2025.02.23"]
[Round "7.7"]
[White "Schrader, Jan-Erik"]
[Black "Stoffel, Matthias"]
[Result "0-1"]
[WhiteElo "2021"]
[BlackElo "1982"]
[Annotator "Stockfish 17"]
[PlyCount "66"]
[EventDate "2025.??.??"]
[WhiteTeam "SC Gröbenzell 2"]
[BlackTeam "SK Bruckmühl 1"]

{[%evp 16,66,-25,-34,-5,-14,-2,-22,-17,-46,-53,-49,-23,-21,34,22,62,10,49,-31,
-33,-67,-64,-68,-35,-42,-20,-34,-14,-273,-273,-400,-346,-347,-319,-352,-331,
-499,-499,-530,-531,-538,-535,-594,-580,-590,-567,-707,-693,-702,-695,-29995,
-29996]} 1. e4 c5 2. Nc3 d6 3. g3 Nc6 4. Bg2 g6 5. d3 Bg7 6. f4 e6 7. Nf3 Nge7
8. O-O O-O 9. Ne2 (9. Kh1 b6 10. Be3 Bb7 11. d4 d5 12. exd5 Nxd5 13. Nxd5 cxd4
14. Nxd4 Nxd4 15. Bxd4 Bxd5 16. Bxg7 Bxg2+ 17. Kxg2 Kxg7 18. Qxd8 Rfxd8 {
Polgar,Ju-Kramnik,V 1/2, Paris PCA 1994}) 9... f5 (9... b6 10. c3 Qd7 11. Be3
f5 12. Bf2 Ba6 13. exf5 gxf5 14. Re1 Kh8 15. Qd2 {Marjanovic,B-Arsovic,G
Belgrade op 1989}) 10. Rb1 (10. c3 h6 11. h3 Kh7 12. g4 e5 13. exf5 gxf5 14. g5
Ng6 15. h4 Nxf4 16. Bxf4 exf4 17. Nxf4 {San Claudio,F-Gufeld,E Oviedo rapid
1992}) 10... b6 11. Be3 Qd7 12. h3 Bb7 13. a3 fxe4 14. dxe4 d5 15. e5 Na5 16.
b3 Rad8 17. Bd2 (17. c3 $14) 17... d4 $15 18. Nc1 Nf5 19. Kh2 c4 {Weiss muss
nun ...c3 beachten.} 20. g4 Ne3 21. Bxe3 dxe3 22. Qe2 $2 {[%mdl 8192] [#]} (22.
Qxd7 $11 {und Weiss ist OK.} Rxd7 23. b4) 22... Rxf4 $19 23. bxc4 (23. Qxe3
$142 Re4 24. Qg1) 23... Rxc4 24. Nd3 Rdc8 25. Qxe3 Rxc2 {...Sc4 ist eine echte
Drohung.} 26. Nb4 {[#]} (26. Rbd1 $142) 26... Nc4 $1 {[%mdl 512]} 27. Nxc2 {
zielt auf De2 ab.} (27. Qe1 Rxg2+) 27... Nxe3 28. Nxe3 Qd3 29. Rfe1 Rf8 30.
Rbd1 Qxa3 31. Ng5 Bxe5+ 32. Kh1 Bxg2+ 33. Kxg2 Qb2+ 0-1

[Event "SK Bruckmuehl 1-SC Groebenzell 2"]
[Site "?"]
[Date "2025.02.23"]
[Round "7.8"]
[White "Jaworek, Thomas"]
[Black "Seifert, Werner"]
[Result "1-0"]
[WhiteElo "1984"]
[BlackElo "1894"]
[Annotator "Stockfish 17"]
[PlyCount "59"]
[EventDate "2025.??.??"]
[WhiteTeam "SK Bruckmühl 1"]
[BlackTeam "SC Gröbenzell 2"]

{[%evp 20,59,41,39,41,44,58,57,48,47,105,75,165,0,0,-18,114,75,94,68,67,21,148,
149,176,0,0,0,16,20,10,10,107,136,584,578,536,426,1023,1011,29998,29999]} 1. e4
e6 2. d4 d5 3. e5 c5 4. c3 Nc6 5. Nf3 Qb6 6. a3 c4 7. Nbd2 f6 (7... Na5 8. Be2
Bd7 9. O-O Ne7 10. Rb1 {war auch möglich}) 8. Be2 fxe5 9. Nxe5 Nxe5 10. dxe5
Bc5 11. O-O Ne7 (11... Qc7 12. b3 cxb3 13. c4 (13. Nxb3 $1 Ne7 14. Nxc5 Qxc5
15. a4 $16) 13... Bd4 (13... Qxe5 $142 14. Nxb3 Be7) 14. Rb1 b2 15. cxd5 $3 {
Psakhis} (15. Bxb2 Bxb2 16. Rxb2 Qxe5 $16) 15... Bxe5 (15... bxc1=Q 16. Rxc1
Qxe5 17. dxe6 Ne7 18. Nf3 $18) 16. Bxb2 Bxb2 17. Rxb2 exd5 18. Re1 Kf8 19. Bf3
Nf6 20. Nb3 Qf7 21. Qd4 (21. Rbe2 $18) 21... Kg8 22. Rbe2 $18 {Keitlinghaus,
L-Fuglsang,F Aruna Copenhagen 1887}) 12. Bh5+ g6 13. Bg4 Bd7 14. Rb1 Nc6 15. b3
cxb3 (15... Nxe5 $16 16. bxc4 Qd6) 16. Rxb3 $2 ({Der einzige Zug:} 16. Nxb3 $18
{Lh6 ist eine echte Drohung.} h5 17. Nxc5 Qxc5 18. Be2) 16... Qc7 $11 17. Nf3
Bb6 $6 (17... O-O-O $11 {bleibt in der Remisbreite.}) 18. Ng5 Nd8 ({Vergiftet
wäre} 18... Qxe5 $2 19. Re1 $18) 19. Rb4 O-O 20. Rf4 (20. c4 $5) 20... Bc5 $2
({Viel schwächer wäre} 20... Qxe5 21. Rxf8+ Kxf8 22. c4 $16) (20... Qxc3 $11
21. Rxf8+ Kxf8 22. Nxh7+ Kg7 23. Nf6 Bb5 $13 {Schwarz steht keineswegs
schlechter}) 21. Qf3 $16 Qxe5 {[#]} 22. Rxf8+ (22. Nxh7 $142 $1 $18 {[%mdl 512]
} Rxf4 23. Bxf4) 22... Bxf8 $11 23. Nxh7 $40 {[%mdl 128]} Bg7 24. Ng5 {Droht
stark Dh3.} Qxc3 25. Be3 {zielt auf Dh3 ab.} d4 $2 {[#]} (25... Bf6 $1 $11) 26.
Qh3 $1 $16 {Und Dh7+ würde nun gewinnen.} Qc4 $2 {[%mdl 8192]} ({Nicht} 26...
dxe3 $2 27. fxe3 Bh6 28. Qxh6 $18) (26... Kf8 $16) (26... Kf8 27. Ne4) 27. Qh7+
Kf8 28. Qxg6 Be8 (28... Bb5 $142 29. Rd1 dxe3 30. Rxd8+ {[%mdl 64]
Doppelangriff} Ke7 31. Qxg7+ Kxd8 32. Nxe6+ Qxe6 33. Bxe6 e2) 29. Nh7+ $18 Kg8
30. Nf6+ {[%mdl 64] Doppelangriff.} 1-0

[Event "SK Neuburg 1-SK Starnberg 1"]
[Site "?"]
[Date "2025.02.23"]
[Round "7.1"]
[White "Steinmueller, Stephan"]
[Black "Sailer, Wolfgang"]
[Result "1/2-1/2"]
[WhiteElo "2112"]
[BlackElo "2077"]
[Annotator "Stockfish 17"]
[PlyCount "48"]
[EventDate "2025.??.??"]
[WhiteTeam "SK Starnberg 1"]
[BlackTeam "SK Neuburg 1"]

{[%evp 10,48,14,0,0,-12,6,-10,86,74,85,30,123,-32,15,24,13,4,8,5,7,9,35,32,27,
19,19,19,19,21,19,21,23,19,18,3,42,41,45,13,19]} 1. e4 e5 2. Bc4 Nf6 3. d3 c6
4. Nf3 d5 5. Bb3 Bd6 6. exd5 cxd5 7. Nc3 O-O 8. O-O (8. Nxd5 $4 Nxd5 9. O-O (9.
Bxd5 Qa5+ $19) 9... Nf6 $19) 8... e4 $6 (8... d4 $11 9. Nb5 Nc6) 9. dxe4 $16
dxe4 10. Ng5 (10. Nb5 $142) 10... Bf5 $6 {[#]} (10... Nc6 $11 {hält das
Gleichgewicht.}) 11. Qe2 $2 (11. Bf4 $142 $1 $16 {[%mdl 512]} Bxf4 12. Qxd8
Rxd8 13. Nxf7) 11... Qe7 12. Re1 {[%cal Rg5e4]} Nc6 13. Ncxe4 Nxe4 14. Nxe4 Nd4
15. Qe3 Bc5 16. Nxc5 Qxc5 17. c3 Nxb3 18. axb3 Qc6 {[#] Und weiter mit ...Tfe8
wäre nett.} 19. Qf4 $36 {[%mdl 2048] Weiss drückt.} ({Bloß nicht} 19. Rxa7
Rae8 $16) 19... Bc2 20. b4 a6 21. Be3 Rfe8 22. Bd4 Re6 23. Rxe6 Qxe6 24. Qd2
Re8 1/2-1/2